Most Populated Bay Area Cities - Statistics

General Stats
  • This quiz has been taken 108 times
  • The average score is 14 of 25
Answer Stats
Rank City Est. pop % Correct
2 San Francisco 883,305
99%
3 Oakland 425,195
96%
1 San Jose 1,030,119
96%
4 Fremont 237,807
76%
11 Berkeley 121,643
71%
15 Daly City 107,008
67%
6 Hayward 159,620
62%
16 San Mateo 105,025
62%
9 Santa Clara 129,488
59%
14 Richmond 110,146
56%
10 Vallejo 121,913
55%
8 Concord 129,688
51%
7 Sunnyvale 153,185
50%
13 Antioch 111,535
46%
5 Santa Rosa 177,586
45%
25 Alameda 78,338
44%
24 Napa 79,263
44%
21 Mountain View 83,377
43%
22 Pleasanton 82,372
41%
20 Redwood City 86,200
39%
23 Milpitas 80,430
38%
12 Fairfield 116,884
37%
17 Vacaville 100,154
35%
19 San Leandro 89,703
34%
18 Livermore 90,269
33%
No matching quizzes found
Score Distribution
Percent of People with Each Score
Percentile by Number Answered
Your Score History
You have not taken this quiz